Vista normal Vista MARC

Entrada Corporate Name

Número de registros utilizados en: 1

001 - CONTROL NUMBER

  • control field: 43813

003 - CONTROL NUMBER IDENTIFIER

  • control field: OSt

005 - DATE AND TIME OF LATEST TRANSACTION

  • control field: 20240813130436.0

008 - FIXED-LENGTH DATA ELEMENTS

  • fixed length control field: 240813|| aca||aabn | a|a d

040 ## - CATALOGING SOURCE

  • Original cataloging agency: OSt
  • Transcribing agency: OSt

110 ## - HEADING--CORPORATE NAME

  • Corporate name or jurisdiction name as entry element: Colombia.
  • Subordinate unit: Consejería Presidencial para la Costa Atlántica

670 ## - SOURCE DATA FOUND

  • Source citation: Work cat.: (OSt)30815: Verano de la Rosa, Eduardo. 4132, Región y estado : , 1999.